000 00393nam a22001577a 4500
003 NUST - PNEC
005 20170116181115.0
008 151004b xxu||||| |||| 00| 0 eng d
040 _cLIBRARY
082 _a699 STE
100 _913144
_aSteward, Robert M.
245 _aSmall boat construction
_cRobert M. Steward
260 _c1954
650 _913146
_aBoatbuilding
_xME
942 _2ddc
_cBK
999 _c69286
_d69286